Sports Quiz

Random Sports or NFL Quiz

QBs Who Beat Everybody Quiz Stats

 Plays Quiz Updated Nov 2, 2018

Score 0/6 Timer 03:00
5 Plays Today
QB % Correct
Tom Brady
97.7%
Peyton Manning
91.8%
Drew Brees
88%
Brett Favre
74.5%
Aaron Rodgers
70.4%
Ben Roethlisberger
54.6%

You're not logged in!

Compare scores with friends on all Sporcle quizzes.
OR
Log In

Sporcle TV

Today on Sporcle TV


Watch our educational content, quiz creation guides, and fun videos on Sporcle TV.

Show Comments

Extras

Top Quizzes Today


Score Distribution

Your Account Isn't Verified!

In order to create a playlist on Sporcle, you need to verify the email address you used during registration. Go to your Sporcle Settings to finish the process.

Report this User

Report this user for behavior that violates our Community Guidelines.

Details: